Simpsons Beverages - Statistics

General Stats
  • This quiz has been taken 43 times
  • The average score is 4 of 10
Answer Stats
Hint Answer % Correct
Homer's favourite drink, a brand of beer Duff
100%
A cocktail consisting of liquor, cough syrup, and fire Flaming Homer
67%
Cola brand available in lemon, cherry, crystal, and diet varieties Buzz Cola
58%
Sugary drink available at the Kwik-E-Mart Squishee
58%
Strange drink sold by the Khlav Kalash vendor Crab Juice
36%
Now with Vitamin R Malk
36%
Homer accidentally drinks this when reaching into the fridge via his teleporter Cat ear medicine
22%
Homer's homemade concoction of beer and skittles SkittleBräu
14%
Barney's eccentric Japanese girlfriend Kako orders this at Moe's tavern A single plum floating in perfume served in a man's hat
11%
One of the last things available at the Kwik-E-Mart following the panic buying before Hurricane Barbara hits Corn Nog
3%
No matching quizzes found
Score Distribution
Percent of People with Each Score
Percentile by Number Answered
Your Score History
You have not taken this quiz